Southville International School and Colleges
Your cart is empty.
  • Cart
  • Lists
    Public lists Eva Luna New books Lux_list list_1
    Your lists Log in to create your own lists
  • Log in to your account
  • Your cookies
  • Search history
Southville International School and Colleges
  • Advanced search
  • Recent comments
  • Most popular
  • Libraries

Log in to your account

Log in with GOOGLE


If you do not have an external account, but do have a local account, you can still log in:

  1. Home
  2. MARC view: Biological psychology /
Normal view MARC view ISBD view

Biological psychology / (Record no. 366756)

[ view plain ]
MARC details
000 -LEADER
fixed length control field 00675nam a22002177a 4500
003 - CONTROL NUMBER IDENTIFIER
control field 0
005 - DATE AND TIME OF LATEST TRANSACTION
control field 20241119083230.0
008 - FIXED-LENGTH DATA ELEMENTS--GENERAL INFORMATION
fixed length control field 241119b xxu||||| |||| 00| 0 eng d
020 ## - INTERNATIONAL STANDARD BOOK NUMBER
International Standard Book Number 9781529795141
050 ## - LIBRARY OF CONGRESS CALL NUMBER
Classification number BF 76.5
Item number .H54 2023
100 ## - MAIN ENTRY--PERSONAL NAME
Personal name Higgs, Suzanne,
Relator term author.
245 ## - TITLE STATEMENT
Title Biological psychology /
Statement of responsibility, etc Suzanne Higgs, Alison Cooper, Jonathan Lee.
250 ## - EDITION STATEMENT
Edition statement 3rd ed.
260 ## - PUBLICATION, DISTRIBUTION, ETC. (IMPRINT)
Place of publication, distribution, etc London :
Name of publisher, distributor, etc SAGE Publications Ltd,
Date of publication, distribution, etc 2023.
300 ## - PHYSICAL DESCRIPTION
Extent xvii, 610 p. :
Other physical details col. ill. ;
Dimensions 25 cm.
504 ## - BIBLIOGRAPHY, ETC. NOTE
Bibliography, etc Includes bibliographical references and index.
650 ## - SUBJECT ADDED ENTRY--TOPICAL TERM
Topical term or geographic name as entry element Psychobiology.
700 ## - ADDED ENTRY--PERSONAL NAME
Personal name Cooper, Alison,
Relator term author.
700 ## - ADDED ENTRY--PERSONAL NAME
Personal name Lee, Jonathan,
Relator term author.
942 ## - ADDED ENTRY ELEMENTS (KOHA)
Source of classification or shelving scheme Library of Congress Classification
Koha item type Books
Holdings
Withdrawn status Lost status Source of classification or shelving scheme Damaged status Home library Current library Shelving location Date acquired Source of acquisition Sub Shelving location Total Checkouts Full call number Barcode Date last seen Price effective from Koha item type
    Library of Congress Classification   College Library College Library Reserve Section 11/19/2024 Library Fund     BF 76.5 .H54 2023 C24026 11/19/2024 11/19/2024 Books

Biological psychology /

APA

Higgs S., Cooper A. & Lee J. (2023). Biological psychology. London: SAGE Publications Ltd.

Chicago

Higgs Suzanne, Cooper Alison and Lee Jonathan. 2023. Biological psychology. London: SAGE Publications Ltd.

Harvard

Higgs S., Cooper A. and Lee J. (2023). Biological psychology. London: SAGE Publications Ltd.

MLA

Higgs Suzanne, Cooper Alison and Lee Jonathan. Biological psychology. London: SAGE Publications Ltd. 2023.

  • Place hold
  • Print
  • Cite
  • Add to your cart (remove)
  • Save record
    BIBTEX Dublin Core MARCXML MARC (non-Unicode/MARC-8) MARC (Unicode/UTF-8) MARC (Unicode/UTF-8, Standard) MODS (XML) RIS
  • More searches
    Search for this title in:
    Other Libraries (WorldCat) Other Databases (Google Scholar) Online Stores (Bookfinder.com) Open Library (openlibrary.org)

Exporting to Dublin Core...

SOUTHVILLE LIBRARY

Southville International School and Colleges Library

1281 Tropical Ave. Cor. Luxembourg St., BF Homes International, Las Pinas City

Tel. No. 8256374 / 252358 Loc. 117/146

Powered by Koha